| 000 | 01330nam a22003855a 4500 | ||
|---|---|---|---|
| 003 | EG-ScBUE | ||
| 005 | 20220822092612.0 | ||
| 008 | 170508t2013 ko a f b 000 0 eng d | ||
| 020 | _a9788973755806 | ||
| 020 | _a9788973755783 (set) | ||
| 040 |
_aEG-ScBUE _beng _erda _cEG-ScBUE _dEG-ScBUE |
||
| 041 |
_aeng _hkor |
||
| 043 | _aa-ko--- | ||
| 082 | 0 | 4 |
_a709.5195 _bTAE _222 |
| 100 | 1 |
_aTaek, Park Young, _eauthor. |
|
| 245 | 1 | 0 |
_aK-art : _buniversal works reach global audience / _cwriter, Park Young Taek ; translator, Mah Eunji, Leah Moonyoung Park. |
| 264 | 1 |
_aKorea : _bKorean Culture and Information Service, _c[2013] |
|
| 264 | 4 | _cc2013 | |
| 300 |
_a123 pages : _billustrations (chiefly color) ; _c20 cm. |
||
| 336 |
_2rdacontent _atext _btxt |
||
| 337 |
_2rdamedia _aunmediated _bn |
||
| 338 |
_2rdacarrier _avolume _bnc |
||
| 490 | 0 |
_aKorean culture ; _vno. 10 |
|
| 504 | _aIncludes bibliographical references. | ||
| 546 | _aText in English ; translated from the original Korean. | ||
| 650 | 7 |
_aArt, Korean. _2BUEsh |
|
| 650 | 7 |
_aArt _zKorea (South) _2BUEsh |
|
| 651 | _2BUEsh | ||
| 653 |
_bGGEN _cMay2017 |
||
| 655 |
_vReading book _934232 |
||
| 700 | 1 |
_aEunji, Mah, _etranslator. |
|
| 700 | 1 |
_aPark, Leah Moonyoung, _etranslator. _939170 |
|
| 942 |
_2ddc _cBB |
||
| 999 |
_c24798 _d24770 |
||